<?xml version="1.0" encoding="UTF-8"?>
<collection xmlns="http://www.loc.gov/MARC21/slim">
 <record>
  <leader>02254nam a22003017a 4500</leader>
  <controlfield tag="001">NCT_16419</controlfield>
  <controlfield tag="008">171014b        xxu||||| |||| 00| 0 vie d</controlfield>
  <datafield tag="999" ind1=" " ind2=" ">
   <subfield code="c">778</subfield>
   <subfield code="d">778</subfield>
  </datafield>
  <datafield tag="020" ind1=" " ind2=" ">
   <subfield code="c">90000</subfield>
  </datafield>
  <datafield tag="082" ind1="1" ind2="4">
   <subfield code="2">23rd ed.</subfield>
   <subfield code="a">711.42</subfield>
   <subfield code="b">Th116</subfield>
  </datafield>
  <datafield tag="100" ind1="1" ind2=" ">
   <subfield code="a">Hoàng Huy Thắng</subfield>
  </datafield>
  <datafield tag="245" ind1="1" ind2="0">
   <subfield code="a">Kiến trúc nhiệt đới ẩm</subfield>
   <subfield code="c">Hoàng Huy Thắng</subfield>
  </datafield>
  <datafield tag="250" ind1=" " ind2=" ">
   <subfield code="a">Tái bản</subfield>
  </datafield>
  <datafield tag="260" ind1=" " ind2=" ">
   <subfield code="a">H.</subfield>
   <subfield code="b">Xây dựng</subfield>
   <subfield code="c">2012</subfield>
  </datafield>
  <datafield tag="300" ind1=" " ind2=" ">
   <subfield code="a">276 tr.</subfield>
   <subfield code="b">minh họa</subfield>
   <subfield code="c">27 cm</subfield>
  </datafield>
  <datafield tag="520" ind1="3" ind2=" ">
   <subfield code="a">Nội dung cuốn sách cung cấp những cơ sở khoa học cùng kinh nghiệm dân gian quý báu, để giúp tạo môi trường sống cho con người thích hợp với điều kiện khí hậu nóng ẩm.</subfield>
  </datafield>
  <datafield tag="653" ind1=" " ind2=" ">
   <subfield code="a">Kiến trúc</subfield>
  </datafield>
  <datafield tag="942" ind1=" " ind2=" ">
   <subfield code="2">ddc</subfield>
   <subfield code="c">BK</subfield>
  </datafield>
  <datafield tag="952" ind1=" " ind2=" ">
   <subfield code="0">0</subfield>
   <subfield code="1">0</subfield>
   <subfield code="2">ddc</subfield>
   <subfield code="4">0</subfield>
   <subfield code="6">711_420000000000000_TH116</subfield>
   <subfield code="7">0</subfield>
   <subfield code="9">2515</subfield>
   <subfield code="a">000001</subfield>
   <subfield code="b">000001</subfield>
   <subfield code="d">2017-11-03</subfield>
   <subfield code="o">711.42 Th116</subfield>
   <subfield code="p">MD.08632</subfield>
   <subfield code="r">2017-11-03</subfield>
   <subfield code="v">90000.00</subfield>
   <subfield code="w">2017-11-03</subfield>
   <subfield code="y">BK</subfield>
  </datafield>
  <datafield tag="952" ind1=" " ind2=" ">
   <subfield code="0">0</subfield>
   <subfield code="1">0</subfield>
   <subfield code="2">ddc</subfield>
   <subfield code="4">0</subfield>
   <subfield code="6">711_420000000000000_TH116</subfield>
   <subfield code="7">0</subfield>
   <subfield code="9">2516</subfield>
   <subfield code="a">000001</subfield>
   <subfield code="b">000001</subfield>
   <subfield code="d">2017-11-03</subfield>
   <subfield code="o">711.42 Th116</subfield>
   <subfield code="p">MD.08633</subfield>
   <subfield code="r">2017-11-03</subfield>
   <subfield code="v">90000.00</subfield>
   <subfield code="w">2017-11-03</subfield>
   <subfield code="y">BK</subfield>
  </datafield>
  <datafield tag="952" ind1=" " ind2=" ">
   <subfield code="0">0</subfield>
   <subfield code="1">0</subfield>
   <subfield code="2">ddc</subfield>
   <subfield code="4">0</subfield>
   <subfield code="6">711_420000000000000_TH116</subfield>
   <subfield code="7">0</subfield>
   <subfield code="9">2517</subfield>
   <subfield code="a">000001</subfield>
   <subfield code="b">000001</subfield>
   <subfield code="d">2017-11-03</subfield>
   <subfield code="o">711.42 Th116</subfield>
   <subfield code="p">MD.08634</subfield>
   <subfield code="r">2017-11-03</subfield>
   <subfield code="v">90000.00</subfield>
   <subfield code="w">2017-11-03</subfield>
   <subfield code="y">BK</subfield>
  </datafield>
  <datafield tag="952" ind1=" " ind2=" ">
   <subfield code="0">0</subfield>
   <subfield code="1">0</subfield>
   <subfield code="2">ddc</subfield>
   <subfield code="4">0</subfield>
   <subfield code="6">711_420000000000000_TH116</subfield>
   <subfield code="7">0</subfield>
   <subfield code="9">2518</subfield>
   <subfield code="a">000001</subfield>
   <subfield code="b">000001</subfield>
   <subfield code="d">2017-11-03</subfield>
   <subfield code="o">711.42 Th116</subfield>
   <subfield code="p">MD.08635</subfield>
   <subfield code="r">2017-11-03</subfield>
   <subfield code="v">90000.00</subfield>
   <subfield code="w">2017-11-03</subfield>
   <subfield code="y">BK</subfield>
  </datafield>
  <datafield tag="952" ind1=" " ind2=" ">
   <subfield code="0">0</subfield>
   <subfield code="1">0</subfield>
   <subfield code="2">ddc</subfield>
   <subfield code="4">0</subfield>
   <subfield code="6">711_420000000000000_TH116</subfield>
   <subfield code="7">0</subfield>
   <subfield code="9">2519</subfield>
   <subfield code="a">000001</subfield>
   <subfield code="b">000001</subfield>
   <subfield code="d">2017-11-03</subfield>
   <subfield code="l">1</subfield>
   <subfield code="o">711.42 Th116</subfield>
   <subfield code="p">MD.08691</subfield>
   <subfield code="r">2019-03-28</subfield>
   <subfield code="s">2019-02-28</subfield>
   <subfield code="v">90000.00</subfield>
   <subfield code="w">2017-11-03</subfield>
   <subfield code="y">BK</subfield>
  </datafield>
  <datafield tag="952" ind1=" " ind2=" ">
   <subfield code="0">0</subfield>
   <subfield code="1">0</subfield>
   <subfield code="2">ddc</subfield>
   <subfield code="4">0</subfield>
   <subfield code="6">711_420000000000000_TH116</subfield>
   <subfield code="7">0</subfield>
   <subfield code="9">2520</subfield>
   <subfield code="a">000001</subfield>
   <subfield code="b">000001</subfield>
   <subfield code="d">2017-11-03</subfield>
   <subfield code="l">1</subfield>
   <subfield code="o">711.42 Th116</subfield>
   <subfield code="p">MD.08692</subfield>
   <subfield code="r">2019-04-24</subfield>
   <subfield code="s">2019-04-10</subfield>
   <subfield code="v">90000.00</subfield>
   <subfield code="w">2017-11-03</subfield>
   <subfield code="y">BK</subfield>
  </datafield>
  <datafield tag="952" ind1=" " ind2=" ">
   <subfield code="0">0</subfield>
   <subfield code="1">0</subfield>
   <subfield code="2">ddc</subfield>
   <subfield code="4">0</subfield>
   <subfield code="6">711_420000000000000_TH116</subfield>
   <subfield code="7">0</subfield>
   <subfield code="9">2521</subfield>
   <subfield code="a">000001</subfield>
   <subfield code="b">000001</subfield>
   <subfield code="d">2017-11-03</subfield>
   <subfield code="o">711.42 Th116</subfield>
   <subfield code="p">MD.08693</subfield>
   <subfield code="r">2017-11-03</subfield>
   <subfield code="v">90000.00</subfield>
   <subfield code="w">2017-11-03</subfield>
   <subfield code="y">BK</subfield>
  </datafield>
  <datafield tag="952" ind1=" " ind2=" ">
   <subfield code="0">0</subfield>
   <subfield code="1">0</subfield>
   <subfield code="2">ddc</subfield>
   <subfield code="4">0</subfield>
   <subfield code="6">711_420000000000000_TH116</subfield>
   <subfield code="7">0</subfield>
   <subfield code="9">2522</subfield>
   <subfield code="a">000001</subfield>
   <subfield code="b">000001</subfield>
   <subfield code="d">2017-11-03</subfield>
   <subfield code="o">711.42 Th116</subfield>
   <subfield code="p">MD.08694</subfield>
   <subfield code="r">2017-11-03</subfield>
   <subfield code="v">90000.00</subfield>
   <subfield code="w">2017-11-03</subfield>
   <subfield code="y">BK</subfield>
  </datafield>
  <datafield tag="952" ind1=" " ind2=" ">
   <subfield code="0">0</subfield>
   <subfield code="1">0</subfield>
   <subfield code="2">ddc</subfield>
   <subfield code="4">0</subfield>
   <subfield code="6">711_420000000000000_TH116</subfield>
   <subfield code="7">0</subfield>
   <subfield code="9">2523</subfield>
   <subfield code="a">000001</subfield>
   <subfield code="b">000001</subfield>
   <subfield code="d">2017-11-03</subfield>
   <subfield code="o">711.42 Th116</subfield>
   <subfield code="p">MD.08695</subfield>
   <subfield code="r">2017-11-03</subfield>
   <subfield code="v">90000.00</subfield>
   <subfield code="w">2017-11-03</subfield>
   <subfield code="y">BK</subfield>
  </datafield>
  <datafield tag="980" ind1=" " ind2=" ">
   <subfield code="a">Thư viện Trường Đại học Nam Cần Thơ</subfield>
  </datafield>
 </record>
</collection>
